[Event "Barcelona Seniors 55 op 2nd"]
[Site "Barcelona"]
[Date "2015.03.30"]
[Round "3"]
[White "Real Pons, Joan"]
[Black "Marchador Villalba, Jordi"]
[Result "0-1"]
[WhiteElo "1985"]
[BlackElo "2134"]
[PlyCount "128"]
[EventDate "2015.03.16"]
[EventType "swiss"]
[EventRounds "8"]
[EventCountry "ESP"]
[SourceTitle "EXT 2016"]
[Source "ChessBase"]
[SourceDate "2015.10.08"]
[SourceVersion "1"]
[SourceVersionDate "2015.10.08"]
[SourceQuality "1"]

1. b4 e5 2. a3 d5 3. Bb2 Nd7 4. e3 Ngf6 5. c4 dxc4 6. Bxc4 Nb6 7. Be2 Bd6 8. Nf3 Qe7 9. 0-0 0-0 10. d3 Bd7 11. Nbd2 Na4 12. Qc2 Nxb2 13. Qxb2 b5 14. Ng5 Bf5 15. Ngf3 Rab8 16. Nb3 Bg4 17. h3 Bh5 18. Na5 Rb6 19. Rfc1 e4 20. Nd4 Qe5 21. g3 Qg5 22. Bxh5 Qxh5 23. Kg2 exd3 24. Qd2 Qd5+ 25. Nf3 Ne4 26. Qa2 Qf5 27. Nb3 Be5 28. Rc5 Nxc5 29. bxc5 Rf6 30. Nxe5 Qxe5 31. Rd1 Qe4+ 32. Kg1 Rd8 33. Nd4 Rxd4 34. exd4 Qxd4 35. Kg2 Rf5 36. Qd2 Rxc5 37. Qxd3 Qxd3 38. Rxd3 Kf8 39. Rd8+ Ke7 40. Ra8 Kd7 41. Rxa7 Re5 42. Kf3 Re8 43. a4 Kc6 44. axb5+ Kb6 45. Ra1 Kxb5 46. Rb1+ Kc5 47. Rc1+ Kd6 48. Rd1+ Kc6 49. Rc1+ Kd7 50. Rd1+ Kc8 51. Ra1 Re6 52. Kf4 Kd7 53. g4 Rf6+ 54. Kg3 c5 55. g5 Rc6 56. Kf4 c4 57. Ra7+ Ke6 58. Ra2 c3 59. Rc2 Kd5 60. Ke3 Kc4 61. f4 Re6+ 62. Kf3 Kd3 63. f5 Re7 64. Rg2 Rc7 0-1

[Event "Barcelona Chavarria Memorial 2nd"]
[Site "Barcelona"]
[Date "2013.10.16"]
[Round "1"]
[White "Real Pons, Joan"]
[Black "Asis Gargatagli, Hipolito"]
[Result "0-1"]
[WhiteElo "1852"]
[BlackElo "2458"]
[PlyCount "75"]
[EventDate "2013.10.16"]
[EventType "swiss"]
[EventRounds "9"]
[EventCountry "ESP"]
[SourceTitle "EXT 2015"]
[Source "ChessBase"]
[SourceDate "2014.11.20"]
[SourceVersion "1"]
[SourceVersionDate "2014.11.20"]
[SourceQuality "1"]

1. b4 e5 2. a3 d5 3. Bb2 Bd6 4. Nf3 Nd7 5. e3 Ngf6 6. c4 c6 7. Be2 0-0 8. c5 Bc7 9. 0-0 e4 10. Nh4 Ne5 11. g3 Bh3 12. Ng2 Nfg4 13. Bxe5 Bxe5 14. Nc3 Qg5 15. Rc1 f5 16. f4 exf3 17. Bxf3 Nxh2 18. Kxh2 Qxg3+ 19. Kg1 Qh2+ 20. Kf2 Bg3+ 21. Ke2 Bxg2 22. Bxg2 Qxg2+ 23. Kd3 Be5 24. Rg1 Qh3 25. Rh1 Qg3 26. Qh5 Qg6 27. Qxg6 hxg6 28. Rcg1 Kf7 29. Rh7 Rh8 30. Rgh1 Rxh7 31. Rxh7 Rd8 32. Ne2 g5 33. Ng1 Kg6 34. Rh1 f4 35. Nf3 Bf6 36. Rg1 Kf5 37. Nd4+ Bxd4 38. Kxd4 0-1